CREATIVE TRAINING IDEA BOOK INSPIRED TIP (Record no. 16048)

MARC details
000 -LEADER
fixed length control field 00359nam a2200133Ia 4500
008 - FIXED-LENGTH DATA ELEMENTS--GENERAL INFORMATION
fixed length control field 240624s9999 xx 000 0 und d
041 ## - LANGUAGE CODE
Language code of text/sound track or separate title eng
082 ## - DEWEY DECIMAL CLASSIFICATION NUMBER
Classification number 658.3 LUC
100 ## - MAIN ENTRY--PERSONAL NAME
Personal name LUCAS ROBERT W
245 ## - TITLE STATEMENT
Title CREATIVE TRAINING IDEA BOOK INSPIRED TIP
260 ## - PUBLICATION, DISTRIBUTION, ETC.
Date of publication, distribution, etc. 2010
Place of publication, distribution, etc. Bhopal
Name of publisher, distributor, etc. Indra Publishing House
300 ## - PHYSICAL DESCRIPTION
Extent x, : 470 : p. : cm. ; 22
365 ## - TRADE PRICE
Currency code RS
Price amount 20
Holdings
Withdrawn status Lost status Damaged status Not for loan Home library Current library Shelving location Date acquired Source of acquisition Cost, normal purchase price Full call number Barcode Date last seen Copy number Price effective from Koha item type
        IMTN IMTN Rack 23-B 12/15/2010 WBD 450.00 658.3 LUC 16048 06/24/2024 1 06/24/2024 Books
Designed & Maintained by: LRC IMT Nagpur Contact: lrc@imtnag.ac.in© 2024. All Rights Reserved.